Normal view MARC view
  • CBI/GVA Grimley

Entry Corporate Name

Number of records used in: 2

001 - CONTROL NUMBER

  • control field: 5488

003 - CONTROL NUMBER IDENTIFIER

  • control field: SIRSI

005 - DATE AND TIME OF LATEST TRANSACTION

  • control field: 20190806150243.0

008 - FIXED-LENGTH DATA ELEMENTS

  • fixed length control field: 080122n| acannaabn |n ana d

040 ## - CATALOGING SOURCE

  • Original cataloging agency: OSt
  • Transcribing agency: OSt

110 2# - HEADING--CORPORATE NAME

  • Corporate name or jurisdiction name as entry element: CBI/GVA Grimley

670 ## - SOURCE DATA FOUND

  • Source citation: CBI/GVA Grimley corporate real estate survey